Daňová sústava Slovenskej republiky v porovnaní s daňovými sústavami vybraných krajín diplomová práca

Uložené v:
Podrobná bibliografia
Hlavný autor: Vician, Richard
Korporativný autor: Národohospodárska fakulta EU. Katedra financií
Ďalší autori: Blašková, Mária
Médium: Kniha
Jazyk:Slovak
Vydavateľské údaje: Bratislava 2009
Tagy: Pridať tag
Žiadne tagy, Buďte prvý, kto otaguje tento záznam!

MARC

LEADER 00000nam$a2200000$$$4500
001 0096896
005 20240318141235.2
041 0 |a slo 
044 |a SK 
245 1 0 |a Daňová sústava Slovenskej republiky v porovnaní s daňovými sústavami vybraných krajín  |b diplomová práca  |c Richard Vician ; škol. Mária Blašková 
264 1 |a Bratislava  |c 2009 
300 |a 88 s. 
100 1 |a Vician, Richard 
700 1 |a Blašková, Mária 
710 2 |a Národohospodárska fakulta EU. Katedra financií